000 00597nam a22002057a 4500
005 20240814173951.0
008 s1965 eng d
041 _aeng
245 1 0 _aConstitutional freedom and the law
260 3 _aSt.Louis :
_bMcGraw-Hill Book,
_c1965
300 _a232 p. ;
_b 23 cm.
650 0 4 _aCivil rights -- United States
650 0 4 _aConstitutional law -- Addresses, essays, lectures etc.
650 0 4 _aConstitutions
850 _aNALT
942 _cLB
997 _c000000000020304
998 _aBENJALUCK SUTTHIWILAI
_j25
_k นีลวัสน์ อินทรักษา
999 _c20304
_d20304
090 _aKD35.U6.1 C66 1965